|
|
|
|
| LEADER |
00000nbm0a2200000 4500 |
| 001 |
290328 |
| 005 |
20231102000256.0 |
| 035 |
|
|
|a (RuTPU)RU\TPU\book\314876
|
| 090 |
|
|
|a 290328
|
| 100 |
|
|
|a 20150406d1975 k y0rusy50 ca
|
| 101 |
0 |
|
|a rus
|
| 102 |
|
|
|a RU
|
| 105 |
|
|
|a a p 001zy
|
| 200 |
1 |
|
|a Разработка автоматического устройства для измерения процентного содержания в смеси порошка уранилфторида и закиси окиси урана гранул размером от 0,5 до 2-х мм
|e отчет о НИР
|f Томский политехнический институт (ТПИ) ; руководитель М. Ф. Ткаченко ; исполнители В. С. Карих ; Е. Г. Гриднев ; В. И. Афонченко
|
| 210 |
|
|
|a Томск
|c Изд-во ТПИ
|d 1975
|
| 215 |
|
|
|a 93 л.
|c ил.
|
| 300 |
|
|
|a ИК М34604
|
| 320 |
|
|
|a Библиогр.: с. 92-93.
|
| 320 |
|
|
|a Перечень условных обозначений и сокращений и терминов : с. 4-5.
|
| 606 |
1 |
|
|a Металлические порошки
|x Гранулометрический состав
|x Определение
|x Удельная поверхность
|x Определение
|2 stltpush
|3 (RuTPU)RU\TPU\subj\42357
|9 62027
|
| 610 |
1 |
|
|a уранилфторидовые смеси
|
| 610 |
1 |
|
|a гранулометрический состав
|
| 610 |
1 |
|
|a крупные частицы
|
| 610 |
1 |
|
|a автоматические приборы
|
| 610 |
1 |
|
|a отбор
|
| 610 |
1 |
|
|a технологические процессы
|
| 610 |
1 |
|
|a пробы
|
| 610 |
1 |
|
|a отчеты о НИР
|
| 610 |
1 |
|
|a труды учёных ТПУ
|
| 675 |
|
|
|a 621.762(04)
|v 3
|
| 702 |
|
1 |
|a Ткаченко
|b М. Ф.
|4 673
|
| 702 |
|
1 |
|a Карих
|b В. С.
|4 677
|
| 702 |
|
1 |
|a Гриднев
|b Е. Г.
|4 677
|
| 702 |
|
1 |
|a Афонченко
|b В. И.
|4 677
|
| 712 |
0 |
2 |
|a Томский политехнический институт (ТПИ)
|c (1944-1991)
|2 stltpush
|3 (RuTPU)RU\TPU\col\1123
|
| 801 |
|
1 |
|a RU
|b 63413507
|c 20150406
|
| 801 |
|
2 |
|a RU
|b 63413507
|c 20150409
|g RCR
|
| 942 |
|
|
|c BK
|